IMIĘ MĘSKIE ROZPOCZYNAJĄCE SIĘ I KOŃCZĄCE NA TĄ SAMĄ LITERĘ: - Statystyki

Ogólne statystyki
  • Ten quiz został rozwiązany 225 razy
  • Średni wynik to 2 z 5
Statystyki odpowiedzi
Odpowiedź % Poprawnych
NATAN
55%
DAWID
54%
WŁADYSŁAW
45%
WIESŁAW
40%
WACŁAW
28%
Nie znaleziono quizów pasujących do podanych kryteriów
Rozkład punktacji
Procent ludzi z każdym wynikiem
Percentyl według liczby udzielonych odpowiedzi
Twoja historia wyników
Nie rozwiązałeś tego quizu